000 00411nam a2200181Ia 4500
008 230725s1998 xx 000 0 und d
041 _aeng
082 _a615
_bSET
100 _aSETHI P.D.
245 _aTEXT BOOK OF PHARMACOLOGY
260 _bB.J.WAVERLY PVT
_c1998
300 _a793
365 _h20
500 _aTEXT BOOK
501 _aP & T
520 _aHB
650 _aPHARMACOLOGY & TOXICOLOGY
999 _c767661
_d767661